Central Library OPAC University of Rajshahi

Jane Eyre : (Record no. 19700)

MARC details
000 -LEADER
fixed length control field 00686nam a2200229 a 4500
001 - CONTROL NUMBER
control field 19700
003 - CONTROL NUMBER IDENTIFIER
rucl marc code BD-RjUL
005 - DATE AND TIME OF LATEST TRANSACTION
control field 20211209000451.0
008 - FIXED-LENGTH DATA ELEMENTS--GENERAL INFORMATION
fixed length control field 140225r19571908enkaf 000 1 eng d
035 ## - SYSTEM CONTROL NUMBER
System control number (BD-RjUL)
System control number (BD-RjUL)
040 ## - CATALOGING SOURCE
Original cataloging agency ANL
Language of cataloging eng
Transcribing agency ANL
Modifying agency BD-RjUL
041 ## - LANGUAGE CODE
Language code of text/sound track or separate title eng
082 04 - DEWEY DECIMAL CLASSIFICATION NUMBER
Classification number 823.8
Edition number 20
Author mark and year BRJ
100 1# - MAIN ENTRY--PERSONAL NAME
Personal name Bronte, Charlotte,
Dates associated with a name 1816-1855.
9 (RLIN) 60527
245 10 - TITLE STATEMENT
Title Jane Eyre :
Remainder of title an autobiography /
Statement of responsibility, etc. Charlotte Bronte.
260 ## - PUBLICATION, DISTRIBUTION, ETC. (IMPRINT)
Place of publication, distribution, etc. London :
Name of publisher, distributor, etc. Thomas Nelson,
Date of publication, distribution, etc. 1908 [reprinted 1957]
300 ## - PHYSICAL DESCRIPTION
Pagination 517 p., [1] leaf of plates :
Illustrations 1 ill. ;
Size 17 cm.
490 0# - SERIES STATEMENT
Series statement The New century library
650 ## - SUBJECT ADDED ENTRY--TOPICAL TERM
Topical term or geographic name as entry element Fathers and daughters
Form subdivision Fiction.
9 (RLIN) 163059
942 ## - ADDED ENTRY ELEMENTS (KOHA)
Source of classification or shelving scheme Dewey Decimal Classification
Koha item type Books
Holdings
Lost status Source of classification or shelving scheme Damaged status Not for loan Collection code Permanent Location Current Location Shelving location Date acquired Source of acquisition Cost, normal purchase price Total Checkouts Full call number Date last seen Copy number Koha item type
  Dewey Decimal Classification     Fiction Central Library, University of Rajshahi Central Library, University of Rajshahi   11/02/1963 Zeitlinger 7.60   823.8 BRJ 1957 25/02/2014 C-4 Books
  Dewey Decimal Classification     Non-fiction Central Library, University of Rajshahi Central Library, University of Rajshahi   09/01/1979 English Dept. R.U.     823.8 BRJ 07/11/2016 C-2 Books
  Dewey Decimal Classification       Central Library, University of Rajshahi Central Library, University of Rajshahi General Stacks 11/02/1963 ZEITLINGER 7.60   823.8 BRJ 1957 14/05/2024 C-3 Books